| 000 | 01020nam a2200289 4500 | ||
|---|---|---|---|
| 003 | EG-GICUC | ||
| 005 | 20260503143837.0 | ||
| 008 | 260503s1896 us ||||fr|||| 00| 0 eng d | ||
| 040 |
_aEG-GiCUC _beng _cEG-GiCUC _dEG-GiCUC _erda |
||
| 041 |
_aeng _heng |
||
| 082 | 0 | 4 |
_221 _a345.122 _bGO . C |
| 092 | 0 | 4 | _221 |
| 099 | _aLaw 07 345.122 GO . C 1893 | ||
| 100 | 1 |
_aGoodnow, Frank Johnson _eAuthor. |
|
| 245 | 1 | 0 |
_aComparative Administrative Law: _bAn Analysis of the Administrative Systems, National and Local, of the United States, England, France and Germany / _cBy Frank J. Goodnow. |
| 264 | 1 |
_aNew york; _bG.P. Putnam's Sons, _c1893. |
|
| 300 |
_a327 pages : _billustrations, _c24 cm |
||
| 336 |
_2rda content _atext |
||
| 337 |
_2rda media _aComputer |
||
| 338 |
_2rda carrier _aOnline Resource |
||
| 504 | _aBibliography: pages 200-250. | ||
| 650 | 1 |
_aAdministrative law _2qrmak |
|
| 651 | 1 | _2qrmak | |
| 856 | 4 | 0 | _uhttps://fll.law.cu.edu.eg/fulltext/bks/B07-05099.pdf |
| 905 | _a31 | ||
| 942 |
_2ddc _n0 _cBK _e21 |
||
| 999 |
_c75203 _d75203 |
||